Finish the Country Music Song Title - Statistics

General Stats
  • This quiz has been taken 28 times
  • The average score is 16 of 25
Answer Stats
Hint Answer % Correct
I Will Always ____ You Love
100%
(Take Me ____) Country Roads Home
95%
Ring of ____ Fire
90%
The Devil Went Down to _____ Georgia
90%
Stand By Your ___ Man
90%
Before He ___ Cheats
85%
Friends in ___ Places Low
75%
Folsom Prison ___ Blues
70%
Coal Miner's ____ Daughter
70%
He Stopped Loving ___ Today Her
70%
I Walk the ____ Line
70%
Forever and Ever ____ Amen
65%
Your Cheatin' _____ Heart
65%
All My Ex's Live in _____ Texas
65%
Mammas Don't Let Your Babies Grow Up to Be ____ Cowboys
55%
Delta ___ Dawn
55%
I Was Country When Country Wasn't ___ Cool
50%
A Country ___ Can Survive, Boy
45%
If You've Got the _____, I've Got the Time Money
45%
________ Cowboy Rhinestone
45%
Strawberry ____ Wine
45%
I Hope You ____ Dance
40%
Man of Constant ____ Sorrow
40%
______ On My Mind Always
35%
Smoky Mountain ____ Rain
25%
No matching quizzes found
Score Distribution
Percent of People with Each Score
Percentile by Number Answered
Your Score History
You have not taken this quiz